000 00985nam a2200301Ia 4500
003 OSt
005 20221007125513.0
006 a|||||r|||| 00| 0
007 ta
008 221006b |||||||| |||| 00| 0 eng d
020 _a0854044809 (pbk)
_c1186.13
024 _a12243
037 _b836/2004-05, 27/04/2004, Educational Book Agency (India)
_cTextual
040 _aCDL
_cCDL
_beng
041 _2eng
_aeng
082 _aE9G,C, P4 Carc
100 _aCooper Alan
_9394482
245 0 _aBiophysical chemistry
260 _aCambridge
_bThe Royal Society of Chemistry
_c2004
300 _avii, 184p.
_ccm.
490 _aTutorial chemistry texts; 16
500 _aIncludes bibliographical references; Index 182-184p.
650 _a Biochemistry
650 _a Biophysical chemistry
650 _aChemistry
942 _hE9G,C, P4 Carc
_cTEXL
_2CC
999 _c1215408
_d1215408